Financial accounting
Saved in:
| Hovedforfatter: | |
|---|---|
| Andre forfattere: | |
| Format: | Bog |
| Sprog: | engelsk |
| Udgivet: |
Nueva York
McGraw-Hill
1975
|
| Udgivelse: | 2a. ed |
| Fag: | |
| Tags: |
Tilføj Tag
Ingen Tags, Vær først til at tagge denne postø!
|
MARC
| LEADER | 00000nam a2200000 a 4500 | ||
|---|---|---|---|
| 001 | UCR8745 | ||
| 003 | CL-VaPUC | ||
| 008 | 980529e19750000US |||||||||||||||||eng|d | ||
| 082 | 0 | 4 | |a 657.48 |b MEI |2 21 |
| 100 | |a Meigs, Walter B. |e autor |9 576763 | ||
| 700 | |a Meigs, Robert F. |e autor |9 451386 | ||
| 245 | 1 | 0 | |a Financial accounting |
| 250 | |a 2a. ed | ||
| 300 | |a 642 p | ||
| 942 | |c BK | ||
| 945 | |d 19980529 00:00:00 |a crobeson | ||
| 260 | |a Nueva York |b McGraw-Hill |c 1975 | ||
| 650 | 0 | |a Contabilidad |9 261430 | |
| 650 | 0 | |a Administración financiera |9 261146 | |
| 650 | 0 | |a Negocios |9 262468 | |
| 650 | 0 | |a Comercio |9 255341 | |
| 583 | |a last modification |c 19980529 00:00:00 |k Rodrigo Vera | ||
| 999 | |c 270141 |d 270139 | ||
| 952 | |0 0 |1 0 |4 0 |6 657_480000000000000_MEI_1975 |7 0 |8 P |9 304278 |a BIBGIM |b BIBGIM |d 2019-11-20 |i 1409018 |o 657.48 MEI 1975 |p 1409018 |r 2025-01-15 |w 2019-11-20 |y BK |k COM | ||
| 952 | |0 0 |1 0 |4 0 |6 657_480000000000000_MEI_1975 |7 0 |8 P |9 304279 |a BIBGIM |b BIBGIM |d 2019-11-20 |i 1409026 |o 657.48 MEI 1975 |p 1409026 |r 2025-01-15 |w 2019-11-20 |y BK |k COM | ||